Religion Quiz

Random Religion or Verse Quiz

Predestination from Ephesians (NIV) Quiz Stats

 Plays Quiz not verified by Sporcle

Challenge
Share
Tweet
Embed
Score 0/80 Timer 03:00
0 Plays Today
Hint Answer % Correct
the
100%
the
100%
and
100%
and
100%
the
100%
the
100%
the
100%
of
66.7%
to
66.7%
to
66.7%
to
66.7%
of
66.7%
of
66.7%
to
66.7%
Ephesians 1:4For
55.6%
in
55.6%
be
55.6%
in
55.6%
In
55.6%
be
55.6%
in
55.6%
Ephesians 1:11In
55.6%
in
55.6%
you
55.6%
you
55.6%
us
44.4%
he
44.4%
Ephesians 1:5he
44.4%
us
44.4%
will
44.4%
will
44.4%
he
44.4%
has
44.4%
chose
33.3%
him
33.3%
his
33.3%
predestined
33.3%
as
33.3%
his
33.3%
Jesus
33.3%
Hint Answer % Correct
Christ
33.3%
his
33.3%
him
33.3%
we
33.3%
were
33.3%
chosen
33.3%
predestined
33.3%
him
33.3%
who
33.3%
his
33.3%
which
33.3%
called
33.3%
before
22.2%
creation
22.2%
world
22.2%
holy
22.2%
blameless
22.2%
sight
22.2%
love
22.2%
adopted
22.2%
sons
22.2%
through
22.2%
with
22.2%
also
22.2%
been
22.2%
according
22.2%
out
22.2%
with
22.2%
Ephesians 1:18bthat
22.2%
may
22.2%
know
22.2%
hope
22.2%
accordance
11.1%
pleasure
11.1%
having
11.1%
plan
11.1%
works
11.1%
everything
11.1%
conformity
11.1%
purpose
11.1%

You're not logged in!

Compare scores with friends on all Sporcle quizzes.
Join for Free
OR
Log In

You Might Also Like...

Show Comments

Extras

Created Jan 15, 2017ReportFavoriteNominate
Tags:Verse Quiz, niv, recite

Top Quizzes Today


Score Distribution

Your Account Isn't Verified!

In order to create a playlist on Sporcle, you need to verify the email address you used during registration. Go to your Sporcle Settings to finish the process.

Report this User

Report this user for behavior that violates our Community Guidelines.

Details: